Digital education for the 21st century : technologies and protocols
Salvato in:
| Natura: | Libro |
|---|---|
| Lingua: | inglese |
| Pubblicazione: |
Apple Academic Press
2022
|
| Tags: |
Aggiungi Tag
Nessun Tag, puoi essere il primo ad aggiungerne!!
|
MARC
| LEADER | 00000nam a22000007a 4500 | ||
|---|---|---|---|
| 008 | 240701b |||||||| |||| 00| 0 eng d | ||
| 020 | |a 9781774630075 | ||
| 245 | |a Digital education for the 21st century : technologies and protocols |c / edited by Souvik Pal, Ton Quang Cuong, R.S.S. Nehru. |g xiv, 473P;ill | ||
| 250 | |c Pal, Souvik | ||
| 250 | |c Cuong, Ton Quang | ||
| 250 | |c Nehru, R.S.S. | ||
| 260 | |b Apple Academic Press |c 2022 |h Ontario, Canada |i 702175 |i 702176 |l LB1928.5.D56 |m Computer-assisted instruction |m Educational technology |m Internet in education |m Digital communication |m Web based instruction | ||
| 500 | |a it includes references and index | ||
| 942 | |a lcc |c BK |e Johnson |f 01/07/24 | ||
| 952 | |0 0 |1 0 |2 lcc |4 0 |6 LB19285 D56 |7 0 |9 5357 |a ED |b HOL |c LP |d 2024-07-01 |l 0 |o LB1928.5.D56 |p 2024-0598 |r 2024-07-01 00:00:00 |t 702175 |w 2024-07-01 |y BK | ||
| 952 | |0 0 |1 0 |2 lcc |4 0 |6 LB19285 D56 |7 0 |9 5358 |a HOL |b HOL |c LP |d 2024-07-01 |l 0 |o LB1928.5.D56 |p 2024-0599 |r 2024-07-01 00:00:00 |t 702176 |w 2024-07-01 |y BK | ||
| 999 | |c 2650 |d 2650 | ||